000 00780nab a2200241 u 4500
001 16784
003 HDC
007 cr bn ---aaaaa
008 210222c |r|noo 0 a d
040 _aHDC
245 0 _aBrunei committed in advancing halal agenda: minister
260 _aBrunei :
_bBrunei Times PLC,
_c2009
336 _atext
_2rdacontent
337 _acomputer
_2rdamedia
338 _aonline resource
_2rdacarrier
650 _aHalal agenda
_916481
650 _aHalal Product Expo
_916482
710 _aThe Brunei Times
856 _zRequest full-text at [email protected]
942 _2lcc
942 _cNEWS
942 _kNWSO 009201
999 _c14100
_d14100